| 000 | 00978nam a2200289Ia 4500 | ||
|---|---|---|---|
| 001 | Z_683 | ||
| 003 | CHAP | ||
| 008 | 220113s1982 xx 000 0 und d | ||
| 010 | _a163776 | ||
| 040 | _cCHAP | ||
| 090 | _aTesis U 180 | ||
| 100 |
_aUrbalejo Guerra, Roberto _9116822 |
||
| 245 |
_aEvaluación del rendimiento reproductivo en respuesta a tres niveles de proteína durante el período de gestación de la cerda / _cpor Roberto Urbalejo Guerra y Víctor Manuel Correa Fabián |
||
| 260 |
_aChapingo, Méx. : _bEl autor, _c1982 |
||
| 300 | _a111 h. | ||
| 502 | _aTesis (Ing. Agrónomo Esp. en Zootecnia) -- UACH. Departamento de Zootecnia | ||
| 650 |
_aGanado porcino _xNutrición _945390 |
||
| 650 |
_aGanado porcino _xReproducción _945403 |
||
| 650 |
_aProteínas en nutrición del cerdo _992456 |
||
| 700 |
_aCorrea Fabián, Víctor Manuel _928220 |
||
| 901 | _aTESIS U 180 | ||
| 902 | _aM | ||
| 910 | _a1982 | ||
| 942 | _c2 | ||
| 942 | _c2 | ||
| 999 |
_c163776 _d163776 |
||